Design after modernism: furniture and interiors, 1970- 2010/ (Record no. 60564)
| 000 -BAŞLIK | |
|---|---|
| Sabit Uzunluktaki Kontrol Alanı | 02113nam a22003497a 4500 |
| 001 - KONTROL NUMARASI | |
| Control Dosyası | 0060763 |
| 003 - KONTROL NUMARASI KİMLİĞİ | |
| Kontrol Alanı | KOHA_MİRAKIL |
| 005 - EN SON İŞLEM TARİHİ ve ZAMANI | |
| Kontrol Alanı | 20260207004311.0 |
| 007 - FİZİKSEL TANIM SABİT ALAN - GENEL BİLGİ | |
| Sabit uzunluklu kontrol alanı | ta |
| 008 - SABİT UZUNLUKTAKİ VERİ ÖGELERİ - GENEL BİLGİ | |
| Sabit Alan | 170912b2012 us |||gr||||#||||0|eng | |
| 020 ## - ISBN - ULUSLARARASI STANDART KİTAP NUMARASI | |
| Isbn | 9780393733044 |
| Nitelik bilgileri | (hardcover) |
| 020 ## - ISBN - ULUSLARARASI STANDART KİTAP NUMARASI | |
| Isbn | 0393733041 |
| Nitelik bilgileri | (hardcover) |
| 040 ## - KATALOGLAMA KAYNAĞI | |
| Özgün Kataloglama Kurumu | TR-BiSEU |
| Kataloglama Dili | tur |
| Çeviri Kurumu | TR-BiSEU |
| Açıklama Kuralları | rda |
| 041 0# - DİL KODU | |
| Metin ya da ses kaydının dil kodu | eng |
| 044 ## - YAYINLAYAN/ÜRETEN KURULUŞUN ÜLKE KODU | |
| ISO country code | us |
| 050 ## - SINIFLAMA ve YER NUMARASI | |
| Sınıflama Numarası | NK1396.P66 |
| Yer Numarası | G87 2012 |
| 100 1# - KİŞİ ADI | |
| Yazar Adı (Kişi adı) | Gura, Judith. |
| 245 1# - ESER ADI BİLDİRİMİ | |
| Başlık | Design after modernism: furniture and interiors, 1970- 2010/ |
| Sorumluluk Bildirimi | Judith Gura ; Judith Gura ; original renderings by Sophia Yi- Ying Lu. |
| 250 ## - BASIM BİLDİRİMİ | |
| Basım Bildirimi | 1st edition |
| 264 #1 - ÜRERİM, YAYIN, DAĞITIM ve TELİF BİLDİRİMİ | |
| Yayın yeri | New York : |
| Yayınlayan | W.W. Norton & Co. |
| Yayın tarihi | 2012 |
| 300 ## - FİZİKSEL TANIMLAMA | |
| Sayfa, Cilt vb. | 208 page: illustrations ;26 cm |
| 336 ## - İÇERİK TÜRÜ | |
| Content type term | metin |
| Content type code | txt |
| Source | rdacontent |
| 337 ## - MEDYA TÜRÜ | |
| Media type term | aracısız |
| Media type code | n |
| Source | rdamedia |
| 338 ## - TAŞIYICI TÜRÜ | |
| Carrier type term | cilt |
| Carrier type code | nc |
| Source | rdacarrier |
| 500 ## - GENEL NOT | |
| Genel Not | Includes bibliographical references and index |
| 500 ## - GENEL NOT | |
| Genel Not | Introduction -- Progressions of a style -- Historical context, 1970-2000 -- What's in a name? The several contradictions of modernism -- The heritage of nationalism -- Movements after modernism -- Toward the twenty-first century: transformation and regeneration -- Prelude: reigning modernism, 1950-1970 -- Defining the trends, 1970 -2000 -- Relaxing modernism -- Architectural variations -- Loosening the stays -- Cocoons and comets -- The Italian phenomenon -- Studio craft -- Rejecting modernism -- Postmodernism -- Deconstructivism -- High tech -- Avant- garde furniture -- Reassessing modernism -- Toward the millennium -- Minimalism -- Retro design -- Harbingers of change -- Reinventing modernism; the twenty-first century -- Context: the first decade -- The designers -- The architecture -- The interiors -- Furniture: the new face of modernism -- Design as idea -- Taming technology -- Protecting the planet -- Nature-driven design -- Design as art -- Contextual craft -- Interac. |
| 650 #0 - KONU BAŞLIĞI EK GİRİŞ - KONU TERİMİ | |
| Konusal terim veya coğrafi ad | Design--History--20th century. |
| 9 (RLIN) | 112170 |
| 650 #0 - KONU BAŞLIĞI EK GİRİŞ - KONU TERİMİ | |
| Konusal terim veya coğrafi ad | Postmodernism. |
| 9 (RLIN) | 7510 |
| 650 #0 - KONU BAŞLIĞI EK GİRİŞ - KONU TERİMİ | |
| Konusal terim veya coğrafi ad | Tasarım--Tarih--20. yüzyıl. |
| 9 (RLIN) | 112171 |
| 650 #0 - KONU BAŞLIĞI EK GİRİŞ - KONU TERİMİ | |
| Konusal terim veya coğrafi ad | Postmodernizm. |
| 9 (RLIN) | 6918 |
| 942 ## - EK GİRİŞ ÖGELERİ (KOHA) | |
| Source of classification or shelving scheme | Library of Congress Classification |
| Koha item type | Book |
| Materyal Türü | Kalıcı Konum | Mevcut Konum | Raf Yeri | Sınıflandırma Kaynağı | Edinim Bilgisi | Ana Konular | Alt Konular | Yer Numarası | Demirbaş Numarası | Fatura Tarihi | Geri Çekilme Durumu | Kayıp Durumu | Hasarlı Durumu | Kredi için değil | Kayıt Tarih | Toplam Ödünçverme | Son Görülme Tarihi | Son Kontrol Tarihi |
|---|---|---|---|---|---|---|---|---|---|---|---|---|---|---|---|---|---|---|
| Book | Prof. Dr. Azmi Özcan Kütüphanesi | Prof. Dr. Azmi Özcan Kütüphanesi | Uluğbey Salonu | Library of Congress Classification | Satın | GÜZEL SANATLAR | Dekoratif Sanatlar | NK1396.P66 G87 2012 | 0060763 | 02/02/2026 | 12/09/2017 | 05/12/2024 | 05/12/2024 |
